[Event "Titled Tuesday intern op 23rd Aug Early"]
[Site "Chess.com INT"]
[Date "2022.08.23"]
[Round "3"]
[White "Hebden, Mark"]
[Black "Dahale, Atul"]
[Result "1-0"]
[WhiteElo "2476"]
[BlackElo "2222"]
[PlyCount "73"]
[EventDate "2022.08.23"]
[EventType "swiss (blitz)"]
[EventRounds "11"]
[EventCountry "USA"]
[SourceTitle "EXT 2023"]
[Source "ChessBase"]
[SourceDate "2022.10.05"]
[SourceVersion "1"]
[SourceVersionDate "2022.10.05"]
[SourceQuality "1"]

1. d4 Nf6 2. Nf3 g6 3. g3 Bg7 4. Bg2 0-0 5. 0-0 d6 6. c4 Nbd7 7. Nc3 e5 8. h3 c6 9. e4 Re8 10. Re1 Qe7 11. Qc2 a6 12. a4 h5 13. a5 Rb8 14. Be3 exd4 15. Bxd4 Ne5 16. Nxe5 dxe5 17. Ba7 Ra8 18. Be3 Be6 19. Na4 Nd7 20. Rad1 Qb4 21. Nb6 Nxb6 22. Bxb6 Qxc4 23. Qxc4 Bxc4 24. Rd7 Bf8 25. Rxb7 Re7 26. Rxe7 Bxe7 27. Bf1 Bxf1 28. Kxf1 Bd8 29. Rc1 Bxb6 30. axb6 Rc8 31. Ke2 Kf8 32. Kd3 Ke7 33. Kc4 Kd6 34. Rd1+ Ke7 35. Kc5 a5 36. b7 Rb8 37. Kxc6 1-0

[Event "Titled Tuesday intern op 23rd Aug Early"]
[Site "Chess.com INT"]
[Date "2022.08.23"]
[Round "5"]
[White "Samaganova, Alexandra"]
[Black "Dahale, Atul"]
[Result "0-1"]
[WhiteElo "1864"]
[BlackElo "2222"]
[PlyCount "118"]
[EventDate "2022.08.23"]
[EventType "swiss (blitz)"]
[EventRounds "11"]
[EventCountry "USA"]
[SourceTitle "EXT 2023"]
[Source "ChessBase"]
[SourceDate "2022.10.05"]
[SourceVersion "1"]
[SourceVersionDate "2022.10.05"]
[SourceQuality "1"]

1. c4 Nf6 2. Nc3 g6 3. g3 Bg7 4. Bg2 0-0 5. e3 c5 6. Nge2 Nc6 7. 0-0 e6 8. d4 cxd4 9. exd4 d5 10. cxd5 exd5 11. h3 Ne4 12. Nxe4 dxe4 13. Be3 f5 14. Qb3+ Kh8 15. Rfd1 Na5 16. Qb4 b6 17. Rac1 Ba6 18. Nf4 Qd7 19. d5 Rfc8 20. Rxc8+ Rxc8 21. Ne6 Rc4 22. Qa3 Ra4 23. Nc5 bxc5 24. Qxc5 Nc4 25. b3 Nxe3 26. Qxe3 Rxa2 27. Qc5 h6 28. h4 Bd3 29. h5 gxh5 30. Rc1 Ra6 31. b4 Rd6 32. Qe3 Rxd5 33. b5 Kh7 34. Qf4 Qd6 35. Qe3 Bd4 36. Qd2 Bxb5 37. Qa2 Qb6 38. Rb1 Bxf2+ 39. Qxf2 Qxf2+ 40. Kxf2 Rd2+ 41. Kg1 a6 42. Rc1 Kg6 43. Rc7 Rd6 44. Rc8 Kf6 45. Rf8+ Ke5 46. Rh8 a5 47. Bh3 a4 48. Re8+ Bxe8 49. Bf1 a3 50. Bc4 Rc6 51. Ba2 Rc1+ 52. Kh2 Rc2+ 53. Kh3 Rxa2 54. Kh4 Rb2 55. g4 a2 56. gxf5 a1Q 57. f6 Qf1 58. f7 Rg2 59. f8Q Qh1# 0-1

[Event "Barbera del Valles op 44th"]
[Site "Barbera del Valles"]
[Date "2022.07.04"]
[Round "1"]
[White "Dahale, Atul"]
[Black "Fernandez Climent, Albert"]
[Result "1-0"]
[WhiteElo "2162"]
[BlackElo "1859"]
[PlyCount "129"]
[EventDate "2022.07.04"]
[EventType "swiss"]
[EventRounds "9"]
[EventCountry "ESP"]
[SourceTitle "EXT 2023"]
[Source "ChessBase"]
[SourceDate "2022.10.05"]
[SourceVersion "1"]
[SourceVersionDate "2022.10.05"]
[SourceQuality "1"]

1. d4 Nf6 2. Nc3 d5 3. Bf4 c6 4. f3 e6 5. e4 dxe4 6. fxe4 Bb4 7. Qd3 b6 8. a3 Ba6 9. Qf3 Bxc3+ 10. bxc3 Bxf1 11. Kxf1 Nbd7 12. g4 h6 13. h4 h5 14. gxh5 Nxh5 15. Bg5 f6 16. Be3 Qc7 17. Ne2 0-0-0 18. Ke1 e5 19. a4 exd4 20. cxd4 c5 21. c3 Qb7 22. Rg1 Rde8 23. Rg4 g6 24. Kd2 f5 25. Rxg6 Rxe4 26. dxc5 bxc5 27. Kc2 Rhe8 28. Rb1 Qd5 29. Nc1 Nhf6 30. Bd2 R4e6 31. Qxd5 Nxd5 32. Rxe6 Rxe6 33. Nd3 Ne3+ 34. Bxe3 Rxe3 35. Rh1 Re6 36. h5 Rh6 37. Nf4 Nf6 38. Rg1 Ng4 39. Re1 Kd7 40. Kb3 Kd6 41. Re8 a6 42. Ra8 Ke5 43. Nd3+ Ke4 44. Nxc5+ Kf3 45. Rxa6 Rxh5 46. Kb4 Kg3 47. Rg6 f4 48. Ne4+ Kf3 49. Nf6 Nxf6 50. Rxf6 Ke3 51. a5 f3 52. a6 Ke2 53. a7 Rh8 54. Kb5 f2 55. c4 f1Q 56. Rxf1 Kxf1 57. c5 Ke2 58. c6 Kd3 59. c7 Kd4 60. Kc6 Ke5 61. Kb7 Kd6 62. c8Q Rh7+ 63. Kb6 Rh1 64. Qc6+ Ke7 65. Qxh1 1-0

[Event "Sitges Sunway op 8th"]
[Site "Sitges"]
[Date "2021.12.17"]
[Round "5"]
[White "Dahale, Atul"]
[Black "Alcala Gonzalez, Cesar"]
[Result "1-0"]
[WhiteElo "2037"]
[BlackElo "2198"]
[PlyCount "113"]
[EventDate "2021.12.13"]
[EventType "swiss"]
[EventRounds "10"]
[EventCountry "ESP"]
[SourceTitle "CBM 205 Extra"]
[Source "ChessBase"]
[SourceDate "2022.01.31"]
[SourceVersion "1"]
[SourceVersionDate "2022.01.31"]
[SourceQuality "1"]

1. b3 d5 2. Bb2 Nf6 3. e3 Bf5 4. f4 e6 5. Nf3 Nbd7 6. d3 h6 7. Nbd2 c5 8. Qe2 Bh7 9. e4 dxe4 10. dxe4 Qa5 11. f5 0-0-0 12. g4 exf5 13. gxf5 Bd6 14. Qb5 Qc7 15. 0-0-0 Rhe8 16. Bd3 Bf4 17. Kb1 Ng4 18. Rdf1 Nge5 19. Rhg1 Nxd3 20. cxd3 g6 21. fxg6 Bxg6 22. Nc4 a6 23. Qa4 Nb6 24. Nxb6+ Qxb6 25. Rg4 Qd6 26. Qc4 Be3 27. Nh4 Qxh2 28. Nxg6 fxg6 29. Rxg6 Qe2 30. Rf7 Qxd3+ 31. Qxd3 Rxd3 32. e5 Red8 33. Rg2 Rd1+ 34. Kc2 R1d2+ 35. Rxd2 Rxd2+ 36. Kb1 Re2 37. Bc3 Bg5 38. a4 b5 39. Ra7 b4 40. Bb2 h5 41. Rxa6 h4 42. Ra8+ Kb7 43. Rh8 Re3 44. Rh5 h3 45. e6 Bf4 46. e7 h2 47. Rh7 Kc6 48. Bf6 Re1+ 49. Kc2 Kd5 50. a5 Kc6 51. a6 Bc7 52. Rh6 Re6 53. Be5 Rxh6 54. e8Q+ Kb6 55. Bxc7+ Kxc7 56. Qe7+ Kc6 57. Qb7+ 1-0

[Event "Sitges Sunway op 8th"]
[Site "Sitges"]
[Date "2021.12.16"]
[Round "4"]
[White "Gomes, Mary Ann"]
[Black "Dahale, Atul"]
[Result "1-0"]
[WhiteElo "2354"]
[BlackElo "2037"]
[PlyCount "61"]
[EventDate "2021.12.13"]
[EventType "swiss"]
[EventRounds "10"]
[EventCountry "ESP"]
[SourceTitle "CBM 205 Extra"]
[Source "ChessBase"]
[SourceDate "2022.01.31"]
[SourceVersion "1"]
[SourceVersionDate "2022.01.31"]
[SourceQuality "1"]

1. Nf3 Nf6 2. g3 g6 3. Bg2 Bg7 4. 0-0 0-0 5. d4 d6 6. c4 Nbd7 7. Nc3 e5 8. h3 a6 9. e4 Rb8 10. a4 a5 11. Be3 Re8 12. Qc2 exd4 13. Nxd4 Nc5 14. Rad1 Qe7 15. Rfe1 c6 16. Bf4 Nfd7 17. Ndb5 cxb5 18. Bxd6 Qe6 19. Nxb5 Na6 20. e5 Bxe5 21. Rxe5 Nxe5 22. Bxb8 Qxc4 23. Qd2 Qxa4 24. Bxe5 Rxe5 25. Nc3 Qe8 26. Ne4 Kg7 27. Nd6 Qe6 28. Qc3 f6 29. Qxc8 Re1+ 30. Rxe1 Qxe1+ 31. Bf1 1-0